शब्द परिचय (Record no. 3565)

MARC details
000 -LEADER
fixed length control field 00992 a2200217 4500
005 - DATE AND TIME OF LATEST TRANSACTION
control field 20080911160758.0
008 - FIXED-LENGTH DATA ELEMENTS--GENERAL INFORMATION
fixed length control field 080911t xxu||||| |||| 00| 0 hin d
010 ## - LIBRARY OF CONGRESS CONTROL NUMBER
LC control number HIN-79743
020 ## - INTERNATIONAL STANDARD BOOK NUMBER
International Standard Book Number 8177111418
Terms of availability 100.00
035 ## - SYSTEM CONTROL NUMBER
System control number HN-52089
037 ## - SOURCE OF ACQUISITION
Source of stock number/acquisition D.B.Act / pub
082 ## - DEWEY DECIMAL CLASSIFICATION NUMBER
Classification number 423
100 ## - MAIN ENTRY--PERSONAL NAME
Personal name शर्मा, संदीप
245 ## - TITLE STATEMENT
Title शब्द परिचय
Statement of responsibility, etc संदीप शर्मा
246 ## - VARYING FORM OF TITLE
Title proper/short title Shabad Parichey
Remainder of title by Sandeep Sharma
260 ## - PUBLICATION, DISTRIBUTION, ETC. (IMPRINT)
Place of publication, distribution, etc जयपुर
Name of publisher, distributor, etc साहित्यागार
Date of publication, distribution, etc 2007
270 ## - ADDRESS
Address धामाणी मार्केट की गली, चौड़ा रास्ता
City जयपुर
300 ## - PHYSICAL DESCRIPTION
Extent 104पृ
Dimensions 22 सेमी (सजिल्द)
942 ## - ADDED ENTRY ELEMENTS (KOHA)
Institution code [OBSOLETE] dpl
Koha item type Hindi Books
Call number prefix 423 / शर्मासं
Source of classification or shelving scheme Dewey Decimal Classification
Classification part 423
Call number suffix शर्मासं
Holdings
Withdrawn status Lost status Damaged status Not for loan Home library Current library Date acquired Cost, normal purchase price Total Checkouts Full call number Barcode Date last seen Copy number Uniform Resource Identifier Cost, replacement price Price effective from Koha item type
        D.B.Act.Division D.B.Act.Division 11/09/2008 100.00   423 शर्मासं HN-52089 15/09/2008 1 3796 100.00 15/09/2008 Hindi Books

© Delhi Public Library
Hit Counter
free hit counter